000 00306nam a22001337a 4500
008 170414b xxu||||| |||| 00| 0 eng d
020 _a9780323042062
041 _aeng
080 _a618
100 _a10
101 _aSHM
245 _aTHE PERINATAL CARDIOLOGY HAND BOOK
_cBADER.R.S
942 _2udc
_cBK
999 _c10755
_d10755